Algunos apuntes para la historia del refrendo ministerial : un ejemplo de vinculación jurídica /

Obra donde se hace una revisión completa de los orígenes de la institución jurídica del refrendo ministerial, concebida como el requisito más importante para la validez y seguridad jurídica de los actos del rey.

Guardado en:
Detalles Bibliográficos
Autor principal: Barragán Barragán, José (autor)
Formato: Libro
Idioma:Español
Publicado: Guadalajara, México : Universidad de Guadalajara, 1996, c1996
Colección:(Fin de Milenio)
Temas:
Etiquetas: Agrega una etiqueta
Sin etiquetas, Sé el primero en etiquetar este registro!

MARC

LEADER 00000nam^a2200000^a^4500
001 000051599
005 20250521000000.0
009 20260310090327.468
020 |a 968-895-735-6 
037 |a Acervo ITESO - Biblioteca 
041 |a ESP 
082 |a 342. 06622  |b BAR 
100 |a Barragán Barragán, José  |e (autor) 
245 1 0 |a Algunos apuntes para la historia del refrendo ministerial :  |b un ejemplo de vinculación jurídica /  |c J. Barragán Barragán. 
264 4 |a Guadalajara, México :  |b Universidad de Guadalajara,  |c 1996, c1996 
300 |a 458 p. 
336 |a texto  |b txt  |2 rdacontenido 
337 |a sin mediación  |b n  |2 rdamedio 
338 |a volumen  |b nc  |2 rdasoporte 
440 1 |a (Fin de Milenio) 
520 |a Obra donde se hace una revisión completa de los orígenes de la institución jurídica del refrendo ministerial, concebida como el requisito más importante para la validez y seguridad jurídica de los actos del rey. 
649 |a XX 
650 |a Derecho Constitucional -  |z México 
650 |a Derecho Administrativo 
650 |a Derecho Público 
910 |a Fondo General 
920 |a Impresos - Libros 
930 |a Colección General 
905 |a 101 
901 |a 0500008913  |b IT1  |c ACC  |u 20250521 
901 |a 0500015267  |b IT1  |c ACC  |u 20250521 
902 |a https://opac.biblio.iteso.mx/vufind/Record/000051599